000
00257nam a2200109Ia 4500
001
1261262
005
20260417140348.0
008
260417s9999 xx 000 0 und d
020
_a
9786257587044
245
0
_a
Kuantum Uzayı
260
_b
Ketebe Yayınları
999
_c
1261262
_d
1261262